Correndo con le forbici in mano /

Saved in:
Bibliografiske detaljer
Hovedforfatter: Burroughs, Augusten
Format: Bog
Sprog:italiensk
Tags: Tilføj Tag
Ingen Tags, Vær først til at tagge denne postø!

MARC

LEADER 00000nam a2200000 4500
001 CDOM0000002159
003 mi
005 20250826154353.0
008 250826b |||||||| |||| 00| 1 ita d
040 |c mi 
100 |a Burroughs, Augusten 
245 1 |a Correndo con le forbici in mano /  |c Augusten Burroughs 
942 |2 ddc  |c BK 
952 |0 0  |1 0  |2 ddc  |4 0  |7 0  |9 5822  |a MI  |b MI  |d 2006-03-17  |i 5108  |l 0  |p CDOM5108  |r 2025-07-13 16:28:00  |w 2025-07-13  |x ACQUISTO  |y BK 
999 |c 4648  |d 4648